Sách đạo đức dành cho Hs trung học, tập 3

Wedi'i Gadw mewn:
Manylion Llyfryddiaeth
Fformat: Llyfr
Tagiau: Ychwanegu Tag
Dim Tagiau, Byddwch y cyntaf i dagio'r cofnod hwn!
Thư viện lưu trữ: Mạng thư viện Đại học Đà Nẵng
LEADER 00425nam a22001691a 4500
001 000039703
003 15998
005 20160412022636.0
008 160412s0 000
082 |a 4N(TK)322 
245 |a Sách đạo đức dành cho Hs trung học, tập 3 
OWN |a LNN 
999 |a From the UDN01 
TYP |a Monograph 
980 |a Mạng thư viện Đại học Đà Nẵng